01368nam a2200289 a 4500999001500000001000600015003000900021005001700030008004100047040003800088082002400126100001700150245006800167250001300235260004500248300003000293504005100323610000900374650003700383700001800420942001200438952012200450952012200572952012200694952014000816952012200956 c1921d192110340BD-DhUAP20200218100940.0200218s2000 bg b 001 0 eng  aBD-DhAALcBD-DhAALbEngdBD-DhUAP00a347.5492077 AHM223 aAhmed, Aqil.1 aLaw of specific relief /cAqil Ahmed and edited by S. P. Gupta. a13th ed. aAllahabad :bCentral law agency,cc2000. axvii, 138 pages ;c23 cm. aIncludes Bibliographical references and index.1091677 aSpecific Relief ActzBangladesh. aGupta, S. P.  2ddccBK 00102ddc4070aUAPCLbUAPCLcGeneral Stacksd2020-02-18o347.5492077 AHMp3010010340r2020-02-18t1w2020-02-18yBK 00102ddc4070aUAPCLbUAPCLcGeneral Stacksd2020-02-18o347.5492077 AHMp3010010339r2020-02-18t2w2020-02-18yBK 00102ddc4070aUAPCLbUAPCLcGeneral Stacksd2020-02-18o347.5492077 AHMp3010010343r2020-02-18t3w2020-02-18yBK 00102ddc4070aUAPCLbUAPCLcGeneral Stacksd2020-02-18l2m1o347.5492077 AHMp3010010342r2026-02-23s2026-01-28t4w2020-02-18yBK 00102ddc4070aUAPCLbUAPCLcGeneral Stacksd2020-02-18o347.5492077 AHMp3010010341r2020-02-18t5w2020-02-18yBK